Egypte: epoque pharaonique

Uloženo v:
Podrobná bibliografie
Hlavní autor: Cenival, Jean Louis de (Autor)
Médium: Kniha
Jazyk:francouzština
Vydáno: Friburgo Office du livre 1964
Edice:Architecture universelle
Témata:
Tagy: Přidat tag
Žádné tagy, Buďte první, kdo vytvoří štítek k tomuto záznamu!

MARC

LEADER 00000nam a2200000 a 4500
001 UCY4912
003 CL-VaPUC
008 950405e19640000SZ |||||||||||||||||fre|d
082 0 4 |a 722.2  |b CEN  |2 21 
100 0 |a Cenival, Jean Louis de  |e author  |9 333436 
245 1 0 |a Egypte: epoque pharaonique 
300 |a 191 p 
942 |c BK 
945 |d 19950405 00:00:00  |a oaravena 
260 |a Friburgo  |b Office du livre  |c 1964 
650 0 |a Arquitectura  |9 804558 
651 0 |a Egipto   |9 268199 
583 |a last modification  |c 19950405 00:00:00  |k Rodrigo Vera 
490 0 |a Architecture universelle 
999 |c 232661  |d 232659 
952 |0 0  |1 0  |4 0  |6 722_200000000000000_CEN_1964  |7 0  |8 R  |9 237464  |a BIBARQ  |b BIBARQ  |d 2019-11-15  |i 307403K  |o 722.2 CEN 1964  |p 307403K  |r 2025-01-20  |w 2019-11-15  |y BK_R  |k ARQ